|
|
|
|
| LEADER |
01549nam a22004094a 4500 |
| 001 |
EBC3420157 |
| 003 |
MiAaPQ |
| 005 |
20200520144314.0 |
| 006 |
m o d | |
| 007 |
cr cn||||||||| |
| 008 |
050413s2006 ctua sb 001 0 eng |
| 010 |
|
|
|z 2005010347
|
| 020 |
|
|
|z 0300109040 (cloth : alk. paper)
|
| 035 |
|
|
|a (MiAaPQ)EBC3420157
|
| 035 |
|
|
|a (Au-PeEL)EBL3420157
|
| 035 |
|
|
|a (CaPaEBR)ebr10170848
|
| 035 |
|
|
|a (CaONFJC)MIL172246
|
| 035 |
|
|
|a (OCoLC)923591627
|
| 040 |
|
|
|a MiAaPQ
|c MiAaPQ
|d MiAaPQ
|
| 050 |
|
4 |
|a HD6300
|b .M345 2006
|
| 082 |
0 |
4 |
|a 331.6/2
|2 22
|
| 100 |
1 |
|
|a Martin, Philip L.,
|d 1949-
|
| 245 |
1 |
0 |
|a Managing labor migration in the twenty-first century
|h [electronic resource] /
|c Philip Martin, Manolo Abella, and Christiane Kuptsch.
|
| 260 |
|
|
|a New Haven :
|b Yale University Press,
|c c2006.
|
| 300 |
|
|
|a xiv, 226 p. :
|b ill.
|
| 490 |
1 |
|
|a Global management series
|
| 500 |
|
|
|a Series statement taken from jacket.
|
| 504 |
|
|
|a Includes bibliographical references (p. 209-215) and index.
|
| 533 |
|
|
|a Electronic reproduction. Ann Arbor, MI : ProQuest, 2015. Available via World Wide Web. Access may be limited to ProQuest affiliated libraries.
|
| 650 |
|
0 |
|a Foreign workers.
|
| 650 |
|
0 |
|a Foreign workers
|x Government policy.
|
| 655 |
|
4 |
|a Electronic books.
|
| 700 |
1 |
|
|a Abella, Manolo I.
|
| 700 |
1 |
|
|a Kuptsch, Christiane.
|
| 710 |
2 |
|
|a ProQuest (Firm)
|
| 830 |
|
0 |
|a Global management series.
|
| 856 |
4 |
0 |
|u https://ebookcentral.proquest.com/lib/matrademy/detail.action?docID=3420157
|z Click to View
|